000
00253nam a2200097Ia 4500
001
1207018
005
20251016144814.0
008
250824s9999 xx 000 0 und d
245
0
_a
ÖLÜMÜN KIYISINDA
_c
GENÇOSMAN DENİZCİ
260
_b
HAYAT YAYINLARI
999
_c
1207018
_d
1207018